Wiener Neustadt. Zone 14 Col. XIV /

Korporativní autor: Rakousko-Uhersko. Militärgeographisches Institut
Další autoři: Paternoss, Fischer
Jazyk: Němčina
Vydáno: [Wien] : K.u.k. Militärgeographisches Institut, 1883
Edice: Třetí vojenské mapování 1:75 000 ; 4856, 1883
Spezialkarte der österreich-ungarischen Monarchie 1:75 000 ; 4856, 1883
Témata:
Externí odkaz: Digitalizovaný dokument
Fyzický popis: 1 mapa : černobílá ; 37 x 50 cm, na listu 47 x 63 cm
Mapy
Uloženo v:
LEADER 02545nem a2200565 i 4500
001 001509636
003 CZ BrMZK
005 20210211124211.0
007 aj|aanzn
008 160208s1883 au a 0| ger d
034 1 |a a  |b 75000  |d E0155000  |e E0162000  |f N0480000  |g N0474500 
040 |a BOA001  |b cze  |e rda 
041 0 |a ger 
043 |a e-au--- 
072 7 |a 623  |x Vojenská technika  |2 Konspekt  |9 19 
072 7 |a 912  |x Mapy. Atlasy. Glóby  |2 Konspekt  |9 7 
080 |a 623.64  |2 MRF 
080 |a 913(436.2)  |2 MRF 
080 |a (084.3)528.42  |2 MRF 
080 |a (084.3)355/359  |2 MRF 
110 1 |a Rakousko-Uhersko.  |b Militärgeographisches Institut  |7 kn20060405003  |4 ctg  |4 pbl 
245 1 0 |a Wiener Neustadt.  |p Zone 14 Col. XIV /  |c K.u.k. Militärgeographisches Institut ; Schrift u. Gerippe v. Paternofs ; Terrainschraffirung v. Oberlieut. Fischer 
246 3 |a 4856 
246 3 0 |a Zone 14 Col. XIV 
255 |a Měřítko 1:75 000  |c (E 15°50'00"--E 16°20'00"/N 48°00'00"--N 47°45'00") 
264 1 |a [Wien] :  |b K.u.k. Militärgeographisches Institut,  |c 1883 
264 2 |a Wien :  |b R. Lechner's k.k. Hof- und Universitäts-Buchhandlung,  |c 1883 
300 |a 1 mapa :  |b černobílá ;  |c 37 x 50 cm, na listu 47 x 63 cm 
336 |a kartografický obraz  |b cri  |2 rdacontent 
337 |a bez média  |b n  |2 rdamedia 
338 |a list  |b nb  |2 rdacarrier 
490 1 |a [Die Franzisco-Josephinische Landesaufnahme 1:75 000] ;  |v 4856, 1883 
490 1 |a [Spezialkarte der österreich-ungarischen Monarchie im Maße 1:75 000] ;  |v 4856, 1883 
500 |a Jednobarevný otisk 
500 |a Další údaje o vydání: 1876 
562 |a Razítko na rubu: Bibliothek der K.k. Technischen Hochschule in Brünn  |5 CZ-BrMZK 
650 7 |a vojenská topografie  |7 ph316247  |2 czenas 
651 7 |a Wiener Neustadt (Rakousko : oblast)  |7 ge832043  |2 czenas 
655 7 |a topografické mapy  |7 fd809173  |2 czenas 
655 7 |a vojenské mapy  |7 fd133817  |2 czenas 
700 1 |a Paternoss  |4 ctg 
700 1 |a Fischer  |7 mub20201078238  |4 ctg 
787 0 8 |t Übersichtsblatt der Spezialkarte 1:75 000  |w 1504372 
830 0 |a Třetí vojenské mapování 1:75 000 ;  |v 4856, 1883 
830 0 |a Spezialkarte der österreich-ungarischen Monarchie 1:75 000 ;  |v 4856, 1883 
856 4 1 |u http://www.digitalniknihovna.cz/mzk/uuid/uuid:06a7d78b-7596-4ede-b2f2-4985527d75d3  |y Digitalizovaný dokument 
910 |a BOA001  |b Mpa-0081.473,4856-1883 
990 |a MP 
991 |b 201602 
994 |a PAR  |l MZK01  |b 001504372  |m 4856 Wiener Neustadt. 1883  |n Übersichtsblatt der Spezialkarte 1:75 000